| 000 | 00697cgm a22002415a 4500 | ||
|---|---|---|---|
| 001 | 11661938 | ||
| 003 | 11661938 | ||
| 005 | 20160419140952.0 | ||
| 007 | v| |||||| | ||
| 008 | 951109s1995 xx vaund | ||
| 010 | _a 95521441 | ||
| 017 |
_aPA751-590 _bU.S. Copyright Office |
||
| 040 |
_aDLC _cDLC _eamim _dDLC |
||
| 050 | 0 | 0 | _aER R11 1995 |
| 245 | 0 | 0 |
_aRapunzel/. _cdirector, Bruce W. Smith. |
| 246 | 3 | 0 |
_aFairy tales for every child. _pRapunzel |
| 246 | 3 | 0 | _aRapunzel |
| 260 | _c1995. | ||
| 655 | 7 |
_aChildren's television programs. _2lcgft |
|
| 655 | 7 |
_aAnimated television programs. _2lcgft |
|
| 710 | 2 |
_aCopyright Collection (Library of Congress) _5DLC |
|
| 942 |
_2ddc _cBK |
||
| 999 |
_c293667 _d293667 |
||